C'è molto da vedere vicino a Barcellona = In der Umgebung Barcelonas gibt es viel zu sehen
Descripción Física:
1 f. plegat : il. col., fot., map. ; 26 x 20 cm
MARC
| LEADER | 00000nam a2200000Ia 4500 | ||
|---|---|---|---|
| 001 | 20798 | ||
| 008 | 160829s2004 xx 000 0 cat d | ||
| 080 | |a FU-14-64 | ||
| 245 | |a C'è molto da vedere vicino a Barcellona = In der Umgebung Barcelonas gibt es viel zu sehen | ||
| 260 | |a Barcelona : |b Diputació de Barcelona. Oficina de Promoció Turística, |c 2004 | ||
| 300 | |a 1 f. plegat : |b il. col., fot., map. ; |c 26 x 20 cm | ||
| 590 | |a Conté un mapa de la zona. | ||
| 590 | |a A la portada: Turisme Total. | ||
| 590 | |a Text en italià i alemany. | ||
| 590 | |a Hi ha un altre exemplar en català - francès amb R. 18089 i un altre en castellà - anglès amb R. 20797 | ||
| 650 | 0 | |a Turisme |z Barcelona (Província) |v Guies |9 31526 | |
| 651 | 0 | |a Barcelona (Catalunya : Província) |v Guies |9 52676 | |
| 710 | 1 | |a Barcelona (Catalunya : Província). |b Oficina de Promoció Turística |9 51402 | |
| 901 | |a Arxiu | ||
| 942 | |n 1 | ||
| 952 | |0 0 |1 0 |4 0 |6 FU1464 |7 1 |9 49898 |a Arxiu |b Arxiu |d 2016-12-01 |l 0 |o FU-14-64 |p 20798 |r 2016-12-01 00:00:00 |w 2016-12-01 |y ARXIU | ||
| 999 | |c 53740 |d 53740 | ||